000 00471nam a2200181Ia 4500
001 4381
005 20260306145751.0
008 260306t2014||||xx |||||||||||||| ||spa||
041 _aESP
082 _a320.985
_bT33
100 _aTejada Galindo, Sergio
_eAUT
245 0 _aLa nación por-venir:
_bel bicentenario y lo nacional-popular en el Perú
260 _c2014
300 _a254 páginas :
_c20 cm.
650 _aGEN
654 _aCDE
942 _cLIB
_dJUS
_fJUS
_2ddc
_n
999 _c4381
_d4381